| 000 | 00715nam a2200205Ia 4500 | ||
|---|---|---|---|
| 003 | GCL | ||
| 008 | 140319s9999 xx 000 0 ara d | ||
| 040 |
_aGCL / _cGCL |
||
| 082 | 0 | 4 |
_a323 _bم ح |
| 100 | 1 | _aمنصف المرزوقى | |
| 245 | 1 | 0 |
_aحقوق الانسان الرؤيا الجديدة / _cمنصف المرزوقى |
| 250 | _aالاولى | ||
| 260 |
_aالقاهرة : _bمركز القاهرة لدراسات حقوق الانسان ، _c1996 |
||
| 300 |
_a159 ص ؛ _c20 سم |
||
| 650 | 0 | 4 | _aالحقوق السياسية |
| 650 | 0 | 4 | _aحقوق الانسان |
| 650 | 0 | 4 | _aالحقوق المدنية |
| 650 | 0 | 4 | _aحقوق الانسان-البلدان العربية |
| 942 |
_2ddc _cBK |
||
| 999 |
_c7612 _d7612 |
||